000 010500000a22002890004500
001 19774
003 CO-MdFUSB
005 20180622165145.0
008 160819b xxu||||| |||| 00| 0 eng d
040 _cCO-MdFUSB
_dCO-MdFUSB
041 _aspa
082 0 4 _2G 232.91
_bM393m
100 1 _aStacpoole, Alberic., (Editor)
245 1 0 _aMary's place in Christian dialogue
_b : Occasional papers of the ecumenical society of the blessed Virgin Mary, 1970-1980
_c/ Edited by Alberic Stacpoole
264 _aMiddlegreen, England
_b: St Paul Publications,
_c1982
300 _axvi, 281 páginas
336 _2rdacontent
_atexto
_btxt
337 _2rdamedia
_asin mediación
_bn
338 _2rdacarrier
_avolumen
_bnc
501 _aPasta dura
505 0 0 _aEcuménico - Bíblico - Teológico - Doctrinal - La tradición protestante - Otras tradiciones: Cristianas y no cristianas - Histórico - Devocional.
653 _aVirgen Maria
653 _aMadre de Jesús
653 _aTradiciones cristianas
653 _aMariología
942 _cBK
999 _c46136
_d46136